000 01073nam a22003257a 4500
003 CHAP
005 20220329134047.0
008 971013s r 00010 d
010 _a14797
011 _a15769
035 _a19846
040 _cCHAP
090 _aFolleto 9011
100 0 0 _aBendesky B., León.
_911544
245 _aEspacio, tiempo y economía
_b: la tradicción de Adam Smith
260 _aMéxico, D. F. :
_bCentro de Investigación y Docencia Económicas,
_c198?
300 _a33 p.
490 _aCIDE. Documentos de trabajo
_v; 3
590 _aBATCH-UPD
_b10
_c20130110
_lUCH01
_h1838
590 _aBATCH-UPD
_b10
_c20130410
_lUCH01
_h1209
590 _aBATCH-UPD
_b10
_c20130914
_lUCH01
_h0939
590 _aCONVERSION
_b10
_c20130109
_lUCH01
_h1309
650 1 4 _aEconomía.
_935226
650 1 4 _aTiempo (Filosofía)
_9113056
830 0 _aCIDE. Documentos de trabajo
_v; 3
_923097
901 _aBK
942 _cFOLL
949 _aFolleto 9011
_bBC
_cFOLL
_d-46304
_eTS1
_gI. c/e
_i19846
_si
949 _aFolleto 9011
_bBC
_cFOLL
_d-46305
_eTS2
_fc.2
_i19846
_si
999 _c14797
_d14797